000 00668nam a2200217Ia 4500
005 20250508164206.0
008 008 250505s9999 xx 000 0 eng d
037 _aTextual
040 _aFEDL
_beng
_cFEDL
041 _aeng
_2eng
084 _a027.82, RAN
_qFEDL
100 _aRanganathan S R
245 0 _aNew education and school library
260 _aBangalore, India
_bSarada Ranganathan Endowment for Library Science
_c1973
300 _a510p.
365 _aINR
_b875
490 _aSarada Ranganathan Endowment for Library Science Series
650 _aSchool Library
_9767794
942 _cTEXL
_h027.82, RAN
999 _c1387500
_d1387500